LEADER 01211nam a2200337 i 4500 001 991001385219707536 005 20020507192525.0 008 960926s1963 us ||| | eng 035 $ab10840291-39ule_inst 035 $aLE01311472$9ExL 040 $aDip.to Matematica$beng 082 0 $a512.72 084 $aAMS 11-01 084 $aAMS 11-XX 084 $aAMS 11A99 100 1 $aCohen, Leon Warren$045798 245 14$aThe structure of the real number system /$cLeon W. Cohen and Gertrude Ehrlich 260 $aPrinceton, N. J. :$bVan Nostrand Reinhold Co.,$cc1963 300 $aviii, 114 p. ;$c24 cm. 500 $aBibliography: p. 111-112. 500 $aIncludes index 650 4$aElementary number theory 650 4$aNumber theory 650 4$aReal numbers 700 1 $aEhrlich, Gertrude$eauthor$4http://id.loc.gov/vocabulary/relators/aut$045799 907 $a.b10840291$b21-09-06$c28-06-02 912 $a991001385219707536 945 $aLE013 11-XX COH11 (1963)$g1$i2013000061177$lle013$o-$pE0.00$q-$rl$s- $t0$u3$v0$w3$x0$y.i10950163$z28-06-02 996 $aStructure of the real number system$91456026 997 $aUNISALENTO 998 $ale013$b01-01-96$cm$da $e-$feng$gus $h4$i1 LEADER 02252nam 2200433Ka 450 001 9910695731303321 005 20070417084440.0 035 $a(CKB)5470000002372470 035 $a(OCoLC)123164897 035 $a(EXLCZ)995470000002372470 100 $a20070417d1995 ua 0 101 0 $aeng 181 $ctxt$2rdacontent 182 $cc$2rdamedia 183 $acr$2rdacarrier 200 00$aEnvironmental enrichment information resources for laboratory animals, 1965-1995$b[electronic resource] $ebirds, cats, dogs, farm animals, ferrets, rabbits, and rodents /$fcontributors, United States Department of Agriculture, Agricultural Research Service, National Agricultural Library, Animal Welfare Information Center, Cynthia Petrie Smith ... [and others] and Universities Federation for Animal Welfare, Victoria Taylor ... [and others] ; articles contributed by Christine Nicol ... [and others] 210 1$aBeltsville, Md. :$cU.S. Dept. of Agriculture, Agricultural Research Service, National Agricultural Library, Animal Welfare Information Center,$d[1995] 215 $a1 electronic text $cdigital, HTML file 225 1 $aAWIC resource series ;$vno. 2 300 $aTitle from title screen (viewed Apr. 16, 2007) 300 $a"Produced jointly by the Animal Welfare Information Center ... and the Universities Federation for Animal Welfare"--P. v. 300 $a"September 1995." 517 $aEnvironmental enrichment information resources for laboratory animals, 1965-1995 606 $aLaboratory animals$xEnvironmental enrichment 606 $aLaboratory animals$xEnvironmental enrichment$vBibliography 608 $aBibliographies.$2lcgft 615 0$aLaboratory animals$xEnvironmental enrichment. 615 0$aLaboratory animals$xEnvironmental enrichment 701 $aSmith$b Cynthia Petrie$01388020 701 $aTaylor$b Victoria J$01420674 701 $aNicol$b Christine$01420675 712 02$aAnimal Welfare Information Center (U.S.) 712 02$aUniversities Federation for Animal Welfare. 801 0$bGPO 801 1$bGPO 906 $aBOOK 912 $a9910695731303321 996 $aEnvironmental enrichment information resources for laboratory animals, 1965-1995$93539402 997 $aUNINA